000 01219pam a2200277 a 4500
001 3449954
005 19930105101515.4
008 920611s1992 nyua b 101 0 eng
010 _a 92021986
020 _a0521547830
040 _aDLC
_cDLC
_dDLC
050 0 0 _aQ172.5.C45
_bC438 1992
082 0 0 _a003.7
_220
_bTEL
245 0 0 _aChaotic dynamics :
_bAn Introduction based on classical mechanics /
_cedited by T. Bountis.
260 _aCambridge:
_bCambridge university press,
_cc.2006.
300 _axii, 393 p. :
_bill. ;
_c26 cm.
500 _aIncludes Index.
504 _aIncludes bibliographical references and index.
650 0 _aChaotic behavior in systems
_xCongresses.
_93884
700 1 _aBountis, Tassos.
_93885
710 2 _aNorth Atlantic Treaty Organization.
_bScientific Affairs Division.
_93886
711 2 _aNato Advanced Study Institute on Chaotic Dynamics, Theory and Practice
_d(1991 :
_cPatrai, Greece)
_93887
942 _2ddc
_cBB
999 _c11340
_d11340